01061cam a2200301Ma 4500001001300000003000900013005001700022008004100039010001700080020001500097020001800112020001500130020001800145035002100163040004400184041000800228100002400236245008900260260005100349300004800400504005300448546002200501650006000523650004300583651004000626651005400666653003900720ocn916510767Co-BoUCM20161212094526.0161212s1998 xxuab fr 001 0 eng d a 97002820  z0679446869 a9780679446866 z0375702628 a9780375702624 a(OCoLC)916510767 aCo-BoUCMbspacSaul NiñodSaul Niño aeng1 aLepore, Jilld1966-14aThe name of warbKing Philip's War and the origins of American identitycJill Lepore aNew York (Estados Unidos)bVintage Booksc1998 axxviii, 337 páginasbilustraciones, mapas aIncluye referencias bibliográficas e índices aTexto en inglés 7aIndígenas de América del Norte xGuerrasy1600-1750 7aConflicto zEstados UnidosySiglo XVII 7aGran BretañaxColoniaszAmérica 7aEstados UnidosxPolítica y gobiernoyHasta 1775 a[Guerra del rey Felipe, 1675-1676]